| 000 | 00651nam a2200157 4500 | ||
|---|---|---|---|
| 008 | 031202s1987 ph 000 0 eng | ||
| 020 | _a9711002868 | ||
| 090 |
_aPR9550.A52 _bV23f |
||
| 100 | 1 | _aValeros, Florentino B. | |
| 245 | 1 | 0 |
_aFilipino writers in English : _ba biographical and bibliographical directory / _cby Florentino B. Valeros, Estrellita Valeros-Gruenberg. |
| 260 |
_aQuezon City, Philippines : _bNew Day Publishers, _c1987. |
||
| 300 |
_axii, 236 p. ; _c23 cm.. |
||
| 650 | 4 |
_aAuthors, Filipino _xBiography. |
|
| 651 | 0 |
_aPhilippines _xLiterature _xDirectories |
|
| 951 |
_p26726 _x00028950 _oPR9550.A52/V23f _j070613111331156 _d2000-12-21 _cFIL |
||
| 999 |
_c18584 _d18584 |
||